| 000 | 00630nam a2200181 a 4500 | ||
|---|---|---|---|
| 001 | 000039197 | ||
| 005 | 20201002031536.0 | ||
| 008 | 130607s2010 dr 000 0 spa d | ||
| 020 | _a9789993458890 | ||
| 040 |
_aDO-SdBNP _bspa _cBNPHU |
||
| 100 | 1 |
_aChantada, Amparo _99463 |
|
| 245 | 1 | 0 |
_aMis años de lucha ambiental en República Dominicana 1983-1992 / _cAmparo Chantada. |
| 250 | _a2a ed. | ||
| 260 |
_aSanto Domingo : _bCentro para el Desarrollo Agropecuario y Forestal (CEDAF), _c2010. |
||
| 300 |
_a278 p. ; _c24 cm. |
||
| 500 | _aIncluye datos biográficos del autor en las solapas | ||
| 504 | _aBibliografía : p 273-278 | ||
| 999 |
_c38687 _d38687 |
||